Hidden form herstory: (Record no. 947)

MARC details
000 -LEADER
fixed length control field 005400000a22001690004500
008 - FIXED-LENGTH DATA ELEMENTS--GENERAL INFORMATION
fixed length control field 230817t ||||| |||| 00| 0 eng d
082 ## - DEWEY DECIMAL CLASSIFICATION NUMBER
Classification number 305.42
Item number WAT
942 ## - ADDED ENTRY ELEMENTS (KOHA)
Item Type Books
100 ## - MAIN ENTRY--PERSONAL NAME
Personal Name Waterman, Peter
245 ## - TITLE STATEMENT
Title Hidden form herstory:
Sub Title women feminism and the new global solidarity
260 ## - PUBLICATION, DISTRIBUTION, ETC. (IMPRINT)
Place of Publication Grables:
Name of Publisher Women living under Muslim laws,
Date of Copyright 1994
300 ## - PHYSICAL DESCRIPTION
Extent 87 p. ; 30 cm.
Physical Details Bibliography included
440 ## - SERIES STATEMENT/ADDED ENTRY--TITLE
Title Occasional paper
490 ## - SERIES STATEMENT
Series statement occasional paper no.3
650 ## - SUBJECT ADDED ENTRY--TOPICAL TERM
Topical Term Feminism- International cooperation
650 ## - SUBJECT ADDED ENTRY--TOPICAL TERM
Topical Term Feminist theory
Holdings
Withdrawn status Lost status Damaged status Not for loan Permanent location Current location Date acquired Total Checkouts Full call number Barcode Date last seen Price effective from Koha item type
        Resource center, Muslim Women's Research And Action Forum Resource center, Muslim Women's Research And Action Forum 2023-08-17   305.42 WAT RAF3729 2023-08-17 2023-08-17 Reports

Copyright © 2023 Muslim Women's Research and Action Forum (MWRAF), No 27/3, Anderson Road, Kalubowila, Dehiwela. Funded by The Asia Fundation